Culture Générale - 1ere ou 2eme partie de l'alphabet ? - Statistiques

Statistiques générales
  • Ce quiz a été pris 46 fois
  • Le résultat moyen est 14 sur 20
Statistiques - réponses
Hint Explanation Réponse % Correct
Emission française de télé-réalité adapté de Big Brother : Secret _ _ _ _ _ STORY NOPQRSTUVWXYZ
92%
Première fable du Livre I des Fables de La Fontaine située dans le premier recueil des Fables de La Fontaine : La _ _ _ _ _ _ et la Fourmi CIGALE ABCDEFGHIJKLM
87%
Mollusque gastéropode terrestre, sans coquille et peut désigner également une personne lente et molle : _ _ _ _ _ _ LIMACE ABCDEFGHIJKLM
82%
Courriel, courrier électronique, message électronique _ - _ _ _ _ E-MAIL ABCDEFGHIJKLM
79%
Petit projecteur orientable et Bref message publicitaire : _ _ _ _ SPOT NOPQRSTUVWXYZ
79%
Chanson de Hélène Ségara en 2000 : Il y a _ _ _ _ de gens qui t'aiment TROP NOPQRSTUVWXYZ
74%
Partie de chacun des membres inférieurs de l'être humain, qui s'étend du genou au pied : _ _ _ _ _ JAMBE ABCDEFGHIJKLM
72%
Ville française de 138 668 habitants en 2022 dans le 37 : _ _ _ _ _ TOURS NOPQRSTUVWXYZ
72%
Récompense décernée par le jury international au cours du Festival du film de Berlin depuis 1951 : L'_ _ _ _ d'argent (Silberne Bär) OURS NOPQRSTUVWXYZ
72%
A entraîné l'AJ Auxerre de 1961-2005 : Guy _ _ _ _ ROUX NOPQRSTUVWXYZ
69%
Série télévisée d'animation américano-franco-japonaise en 78 épisodes de 21 minutes : Denis la _ _ _ _ _ _ MALICE ABCDEFGHIJKLM
67%
Qui atteint toute la perfection que l'on peut concevoir ou souhaiter. Parfait en son genre : _ _ _ _ _ IDEAL ABCDEFGHIJKLM
67%
Film de Richard Attenborough, sorti en 1977 avec Dirk Bogarde, Michael Caine et Sean Connery : Un _ _ _ _ trop loin PONT NOPQRSTUVWXYZ
67%
Voile couvrant la tête de certaines femmes musulmanes en laissant le visage apparent : _ _ _ _ _ _ HIDJAB ABCDEFGHIJKLM
64%
Désigne différentes sortes d’insignes, macarons, écussons et objets d’identification que l’on affiche sur soi : _ _ _ _ _ BADGE ABCDEFGHIJKLM
62%
Effort que doivent fournir les musulmans pour rester dans le droit chemin et combattre les ennemis de l'islam. (Couramment : Guerre sainte menée pour propager ou défendre l'islam) : _ _ _ _ _ JIHAD ABCDEFGHIJKLM
62%
Pain rond assez gros et familièrement fesse : _ _ _ _ _ MICHE ABCDEFGHIJKLM
59%
5e album studio de Nicole Rieu et surtout Interjection qui marque le mécontentement, la frustration face à une situation donnée : _ _ _ alors ZUT NOPQRSTUVWXYZ
54%
Faire preuve de fair-play : être _ _ _ _ _ SPORT NOPQRSTUVWXYZ
38%
Énergie, dynamisme mais aussi légère contraction permanente du muscle vivant : _ _ _ _ _ musculaire TONUS NOPQRSTUVWXYZ
38%
Aucun quiz correspondant
Distribution des résultats
% des personnes avec chaque résultat
Percentile par nombre de réponses
Votre historique - résultats
Vous n’avez pas pris ce quiz